000 00329nam a2200121Ia 4500
008 191201s2009 xx 000 0 und d
100 _aJAKES,TD
245 0 _aReposition Yourself Workbook Living Life Without Limits
260 _aUnited kingdom
_bCoxswyman ltd
_c2009
300 _a278
650 _aGeneral Books
942 _2ddc
_cBK
999 _c4382
_d4382